| 000 | 02148cam a2200253 4500 | ||
|---|---|---|---|
| 001 | ##L133015 | ||
| 008 | 060403n2006 000 0 eng u | ||
| 020 | _a0110740807 | ||
| 035 | _a(Sirsi) u133015 | ||
| 041 | 0 | _aeng | |
| 245 | 0 | 4 | _aThe Licensing and Management of Houses in Multiple Occupation and Other Houses (Prescribed Descriptions) (England) Regulations 2006 |
| 260 |
_aLondon _bTSO _c2006 |
||
| 490 | 0 |
_aSI _v2006: 373 |
|
| 520 | _aMake provision in respect of a number of miscellaneous matters relating to Part II licensing of HMOs, Part III (selective licensing), Chapters 1 and 2 of Part IV (management orders) and s254 (meaning of HMO) of the Housing Act 2004: specifying the circumstances when persons are to be regarded as forming a single household for the purposes of deciding whether a building is an HMO; providing that migrant workers, seasonal workers and asylum seekers are to be treated as occupying certain premises as their only or main residence; specifying a description of buildings that are not HMOs for the purposes of the Act; applications for licences including the information that must be supplied with an application; specifying the standards to be applied when determining the suitability of a house for multiple occupation for licensing; specifying the manner in which designations of and revocations of such designations must be published, and specifying the information that must be contained in registers held by local housing authorities of licences, temporary exemption notices that exempt a house from licensing and of management orders. | ||
| 650 | 2 | 4 | _aHOUSING ACT 2004 |
| 650 | 2 | 4 | _aHOUSING ACT 2004 PART II |
| 650 | 2 | 4 | _aHOUSING ACT 2004 PART III |
| 650 | 2 | 4 | _aHOUSING ACT 2004 PART IV |
| 650 | 2 | 4 | _aHOUSING ACT 2004 S254 |
| 650 | 2 | 4 | _aLICENSING AND MANAGEMENT OF HOUSES IN MULTIPLE OCCUPATION AND OTHER HOUSES (PRESCRIBED DESCRIPTIONS) (ENGLAND) REGULATIONS 2006 |
| 690 | _aPROPERTY-LEASEHOLD PROPERTY-LANDLORD AND TENANT-LANDLORD AND TENANT REFORM | ||
| 856 | 4 | 0 |
_uhttps://www.opsi.gov.uk/si/si2006/20060373.htm _zView the Regulations free of charge at ww.opsi.gov.uk... |
| 942 | _n0 | ||
| 999 |
_c105311 _d105311 |
||